Fr. Conceicao Rodrigues College of Engineering

Introduction To Data Base Systems (Record no. 20683)

MARC details
000 -LEADER
fixed length control field 00310nam a2200145Ia 4500
100 ## - MAIN ENTRY--PERSONAL NAME
Personal name Date/C.J.
245 ## - TITLE STATEMENT
Title Introduction To Data Base Systems
260 ## - PUBLICATION, DISTRIBUTION, ETC.
Name of publisher, distributor, etc. Narosa Pub.
Place of publication, distribution, etc. NEW DELHI
Date of publication, distribution, etc. 1993
300 ## - PHYSICAL DESCRIPTION
Extent 580
490 ## - SERIES STATEMENT
Volume/sequential designation I
546 ## - LANGUAGE NOTE
Language note ENGLISH
654 ## - SUBJECT ADDED ENTRY--FACETED TOPICAL TERMS
Focus term Data Base Systems
942 ## - ADDED ENTRY ELEMENTS (KOHA)
Koha item type BOOK
Holdings
Withdrawn status Lost status Damaged status Not for loan Collection Home library Current library Shelving location Date acquired Total Checkouts Full call number Barcode Date last seen Price effective from Koha item type
        AFT Fr. Agnel's C.Rodrigues College of Engineering Fr. Agnel's C.Rodrigues College of Engineering   17/03/2023   AFT6308 17/03/2023 17/03/2023 BOOK